00513nam a22001577a 450000500170000002000250001708200060004210000180004824500850006626000400015127000480019130000320023949000390027150000190031070000260032920120119111458.0 a9788124312919c55.00 aS aJoshi, Yogesh aVikram and the vampire 2 /cby Yogesh Joshi; illustrated by Siddhartha Mukherjee aMumbaibNavneet Publications,c200? aBhavani Shankar Road, DadarbMumbaie400028 a40pbill (col)c24 cm (Pbk) aClassic literature for childrenv2 aset of 5 books aMukherjee, Siddhartha